| 000 | 00691nam a2200193 a 4500 | ||
|---|---|---|---|
| 003 | 0 | ||
| 005 | 20250213124906.0 | ||
| 008 | 120723s19uu xx 00 eng d | ||
| 050 |
_aPGS QK 495.B36 _b.N174 2012 |
||
| 100 | _aNam, Hyun Tae. | ||
| 245 |
_aThe effect of temperature in the ripening of bananas / _cNam Hyun Tae. |
||
| 260 |
_aLas PiƱas City, Philippines : _bSouthville International School and Colleges, _c2012. |
||
| 300 |
_a21 pages : _billustrations ; _c28 cm. |
||
| 504 | _aIncludes bibliographical references. | ||
| 650 |
_aBananas _v Ripening. |
||
| 650 |
_aFruit ripening _vTemperature effects. |
||
| 650 |
_aPlant physiology _vTemperature effects. |
||
| 942 |
_2lcc _cPASS |
||
| 999 |
_c98765 _d98765 |
||